LEADER 00439nab a2200145 i 4500 001 000000284208 003 CaOOAMICUS 005 20180831165251.0 008 180831n xx uu u0 0und r 013 $a37486 040 $aSeMil$bita 245 12$aL'ambone, la Parola. 500 $aSuppl. al n. 5, gennaio 2003. 773 0 $tArte e fede. Dio è di casa.$dBologna : EDB, 2003.$w()238804 996 $6245$aL'ambone, la Parola$9(OLS)http://semarc/title/365567 LEADER 00743naa a2200169 i 4500 001 000000307471 003 CaOOAMICUS 005 20180831172917.0 008 180831n xx u000 u spa u 013 $a16220 040 $aSeMil$bita 100 1 $aAcerbi, Antonio <1935-2004>.$0(OLS)http://semarc/name/15858 245 10$aIglesia y modernidad :$buna historia todavia no concluida. 650 4$aEcclesiologia.$0(OLS)http://semarc/subject/42996 650 4$aModernità.$0(OLS)http://semarc/subject/9093 773 0 $tDar razón de la esperanza.$dPamplona : Universidad de Navarra, 2004.$kBiblioteca de teología$z84-8081-014-9$gp.1317-1330$w()110239 996 $6245$aIglesia y modernidad :$buna historia todavia no concluida$9(OLS)http://semarc/title/382817